Top 100 highest grossing animated films of all time - Statistics

General Stats
  • This quiz has been taken 136 times
    39 since last reset
  • The average score is 60 of 100
Answer Stats
Sales Year of Release Film % Correct
$352.4 Million 1995 Toy Story
96%
$857.6 Million 2015 Inside Out
92%
$1.687 Billion 2024 Inside Out 2
92%
$484.4 Million 2001 Shrek
92%
$1.656 Billion 2019 The Lion King
92%
$768 Million 1994 The Lion King
92%
$487 Million 1999 Toy Story 2
92%
$1.073 Billion 2019 Toy Story 4
92%
$1.280 Billion 2013 Frozen
88%
$1.450 Billion 2019 Frozen II
88%
$1.159 Billion 2015 Minions
88%
$928.7 Million 2004 Shrek 2
88%
$1.066 Billion 2010 Toy Story 3
88%
$735.1 Million 2009 Up
88%
$461.9 Million 2006 Cars
85%
$543.1 Million 2010 Despicable Me
85%
$752.6 Million 2010 Shrek Forever After
85%
$798.5 Million 2007 Shrek the Third
85%
$521.3 Million 2008 WALL-E
85%
$970.7 Million 2013 Despicable Me 2
81%
$1.034 Billion 2017 Despicable Me 3
81%
$871 Million 2003 Finding Nemo
81%
$592.4 Million 2010 Tangled
81%
$1.028 Billion 2016 Finding Dory
77%
$939.6 Million 2022 Minions: The Rise of Gru
77%
$631.4 Million 2004 The Incredibles
77%
$1.362 Billion 2023 The Super Mario Bros. Movie
77%
$363.2 Million 1998 A Bug’s Life
73%
$504 Million 1992 Aladdin
73%
$559.8 Million 2011 Cars 2
73%
$953.3 Million 2024 Despicable Me 4
73%
$383.2 Million 2002 Ice Age
73%
$886.6 Million 2009 Ice Age: Dawn of the Dinosaurs
73%
$661 Million 2006 Ice Age: The Meltdown
73%
$643.3 Million 2016 Moana
73%
$875.4 Million 2016 The Secret Life of Pets
73%
$383.9 Million 2017 Cars 3
69%
$631.7 Million 2008 Kung Fu Panda
69%
$521.1 Million 2016 Kung Fu Panda 3
69%
$542 Million 2005 Madagascar
69%
$471.2 Million 2012 Wreck-It Ralph
69%
$1.023 Billion 2016 Zootopia
69%
$657.8 Million 2014 Big Hero 6
65%
$538.9 Million 2012 Brave
65%
$877.2 Million 2012 Ice Age: Continental Drift
65%
$665.6 Million 2011 Kung Fu Panda 2
65%
$543.6 Million 2024 Kung Fu Panda 4
65%
$603.9 Million 2008 Madagascar: Escape 2 Africa
65%
$528.7 Million 2001 Monsters, Inc.
65%
$743.5 Million 2013 Monsters University
65%
$375.5 Million 2018 Spider-Man: Into the Spider-Verse
65%
$431 Million 2019 The Secret Life of Pets 2
65%
$807.8 Million 2017 Coco
62%
$494.8 Million 2010 How to Train Your Dragon
62%
$621.5 Million 2014 How to Train Your Dragon 2
62%
$1.242 Billion 2018 Incredibles 2
62%
$554.9 Million 2011 Puss in Boots
62%
$408.5 Million 2016 Ice Age: Collision Course
58%
$746.9 Million 2012 Madagascar 3: Europe's Most Wanted
58%
$623.7 Million 2007 Ratatouille
58%
$346 Million 1995 Pocahontas
54%
$529.3 Million 2018 Ralph Breaks the Internet
54%
$448.1 Million 1999 Tarzan
54%
$346.8 Million 2016 Trolls
54%
$314.4 Million 2005 Chicken Little
50%
$521.8 Million 2019 How to Train Your Dragon: The Hidden World
50%
$483.1 Million 2022 Puss in Boots: The Last Wish
50%
$468 Million 2014 The LEGO Movie
50%
$536.4 Million 2007 The Simpsons Movie
50%
$358.3 Million 2012 Hotel Transylvania
46%
$474.8 Million 2015 Hotel Transylvania 2
46%
$528.5 Million 2018 Hotel Transylvania 3: Summer Vacation
46%
$321.8 Million 2010 Megamind
46%
$483.8 Million 2011 Rio
46%
$634.1 Million 2016 Sing
46%
$587.2 Million 2013 The Croods
46%
$311.9 Million 2017 The Lego Batman Movie
46%
$373.5 Million 2014 Penguins of Madagascar
42%
$374.5 Million 2004 Shark Tale
42%
$408.4 Million 2021 Sing 2
42%
$690.6 Million 2023 Spider-Man: Across the Spider Verse
42%
$496.4 Million 2023 Elemental
38%
$384.3 Million 2006 Happy Feet
38%
$386 Million 2015 Home
38%
$498.7 Million 2014 Rio 2
38%
$527.9 Million 2017 The Boss Baby
38%
$325.3 Million 1996 The Hunchback of Notre Dame
38%
$339.7 Million 2006 Over the Hedge
35%
$332.2 Million 2015 The Good Dinosaur
35%
$381.5 Million 2009 Monsters vs. Aliens
31%
$511.5 Million 2018 The Grinch
31%
$316.9 Million 2004 The Polar Express
31%
$349.8 Million 2000 Dinosaur
27%
$325.2 Million 2009 A Christmas Carol
19%
$374 Million 2011 The Adventures of Tintin
19%
$348.8 Million 2012 The Lorax
19%
$352.3 Million 2016 The Angry Birds Movie
12%
$325.1 Million 2015 The SpongeBob Movie: Sponge Out of Water
8%
$357.9 Million 2016 Your Name
8%
$503 Million 2020 Demon Slayer: Kimetsu no Yaiba the Movie: Mugen Train
0%
No matching quizzes found
Score Distribution
Percent of People with Each Score
Percentile by Number Answered
Your Score History
You have not taken this quiz since the last reset